LEADER 00835nam a2200217 i 4500 001 000000132597 003 CaOOAMICUS 005 20041213000000.0 008 041213s1997 it u000 u ita u 013 $a105590 040 $aSeMil$bita 245 10$aVol. 4. 300 $a589 p., [15] c. di tav. 500 $aFondo Card. C.M. Martini. 700 1 $aCantisani, Antonio,$c.$0(OLS)http://semarc/name/5098 773 0 $aCantisani, Antonio $tTempo nel mistero della Chiesa.$dCatanzaro ; Squillace : Istituto di Scienze Religiose, stampa 1987-stampa 1997.$w()10469 850 $aSeMil 852 $aSeMil$W1$xVenegono$y1$m2F IV 37$j86500$B86500$CSeMilBibl$Z2$F90282 $81 941 1 $a4 961 $aOmaggio: Martini Card. Carlo Maria 996 $6245$aVol. 4$9(OLS)http://semarc/title/108694 LEADER 00914nam a2200205 i 4500 001 000000192577 003 CaOOAMICUS 005 20100923000000.0 008 100923s1927 xxk u000 u eng u 013 $a171173 040 $aSeMil$bita 100 1 $aRaby, Frederic James Edward.$0(OLS)http://semarc/name/70194 245 12$aA history of Christian-Latin poetry from the beginnings to the close of the Middle Ages /$cBy F. J. E. Raby. 260 $aOxford :$bClarendon Press,$c1927. 300 $aXII, 491 p. ;$c26 cm. 650 4$aPoesia cristiana latina.$0(OLS)http://semarc/subject/30960 850 $aSeMil 852 $aSeMil$W1$xVenegono$y1$m2U V 124$j143152$B143152$CSeMilBibl$Z2$F154518 $81 996 $6245$aA history of Christian-Latin poetry from the beginnings to the close of the Middle Ages$9(OLS)http://semarc/title/277579 996 $6260$aOxford :$bClarendon Press$9(OLS)http://semarc/publisher/30012